• 首页
  • 本馆介绍
  • 公告通知
  • 最新文献
  • 馆藏检索
  • 电子资源
  • 读者导购
  • 参考咨询
  • 我的图书馆
  • 登录
  • 详细信息显示
  • 放入我的书架
  • 预约/预借图书
  • 作者相关作品
  • 分类相关作品
  • 丛书相关作品
  • 出版社相关作品

书目信息

  • 表格格式
  • 工作单格式
  • 卡片格式
题名:
酒店大堂设计
    
 
作者: DAM工作室
分册:  
出版信息: 武汉   华中科技大学出版社  2014.05
页数: 325页
开本: 26cm
丛书名:
单 册:
中图分类: TU247.4
科图分类:
主题词: 民用建筑--建筑设计
电子资源:
ISBN: 978-7-5680-0106-9
000 00627nam0 2200217 450
001 816
005 20160912094443.54
010    @a978-7-5680-0106-9@b平装@dCNY338.00
092    @bJ
100    @a20160724d2014 km y0chiy0120 ea
101 0  @achi
102    @aCN@b420000
200 1  @a酒店大堂设计@Ajiu dian da tang she ji@fDAM工作室@FDAM gong zuo shi
210    @a武汉@c华中科技大学出版社@d2014.05
215    @a325页@d26cm
330    @a饭店·室内装饰设计
606 0  @a民用建筑@x建筑设计
690    @aTU247.4@v4
701  0 @aDAM工作室@ADAM gong zuo shi
801  0 @aCN@b唐山师范学院图书馆@c20160724
905    @aZUCC@dTU247.4@e798
    
    酒店大堂设计/DAM工作室.-武汉:华中科技大学出版社,2014.05
    325页;26cm
    
    
    ISBN 978-7-5680-0106-9(平装):CNY338.00
    饭店·室内装饰设计
●
相关链接 在E读中查询图书 在五车中查询图书 在当当中查询图书 在豆瓣中查询图书


正题名:酒店大堂设计     索取号:TU247.4/798         预约/预借

序号 登录号 条形码 馆藏地/架位号 状态 备注
1 903566   209035667   第二样本阅览室/ [索取号:TU247.4/798] 在馆    
2 903567   209035676   第三借阅区/ [索取号:TU247.4/798] 在馆    
3 903568   209035685   第三借阅区/ [索取号:TU247.4/798] 在馆    
唐山师范学院图书馆 欢迎您!
大连网信软件有限公司© 版权所有